01651 2200757 4500001002100000005001500021008004100036020002200077035002000099082000800119084001400127100002100141245007400162250000600236260003200242300002900274650001400303990001200317990001200329990001200341990001200353990001200365990001200377990001200389990001200401990001200413990001200425990001200437990001200449990001200461990001200473990001200485990001200497990001200509990001200521990001200533990001200545990001200557990001200569990001200581990001200593990001200605990001200617990001200629990001200641990001200653990001200665990001200677990001200689990001200701990001200713990001200725990001200737990001200749990001200761990001200773990001200785990001200797990001200809990001200821990001200833990001200845990001200857990001200869990001200881INLIS00000000000012020240502104702240502 0 ind  a978-602-282-453-4 a0010-0424000096 a600 a600 IND p aSetyowati, Indah1 aPrakarya dan Kewirausahaan Kelas XI Semester 2 /cRR. Indah Setyowati a1 aJakarta :bKEMDIKBUD,c2017 a218 hlm ;c17 cm x 25 cm 4aNon Fiksi a0737575 a0737576 a0737577 a0737578 a0737579 a0737580 a0737581 a0737582 a0737583 a0737584 a0737585 a0737586 a0737587 a0737588 a0737589 a0737590 a0737591 a0737592 a0737593 a0737594 a0737595 a0737596 a0737597 a0737598 a0737599 a0737600 a0737601 a0737602 a0737603 a0737604 a0737605 a0737606 a0737607 a0737608 a0737609 a0737610 a0737611 a0737612 a0737613 a0737614 a0737615 a0737616 a0737617 a0737618 a0737619 a0737620 a0737621 a0737622